Control de procesos
Αποθηκεύτηκε σε:
| Κύριος συγγραφέας: | |
|---|---|
| Μορφή: | Βιβλίο |
| Γλώσσα: | Ισπανικά |
| Έκδοση: |
Ciudad de México
Alfaomega
1999
|
| Θέματα: | |
| Ετικέτες: |
Προσθήκη ετικέτας
Δεν υπάρχουν, Καταχωρήστε ετικέτα πρώτοι!
|
MARC
| LEADER | 00000nam a2200000 a 4500 | ||
|---|---|---|---|
| 001 | UCP7144 | ||
| 003 | CL-VaPUC | ||
| 008 | 991203e19990000MX |||||||||||||||||spa|d | ||
| 020 | |a 9701504488 | ||
| 082 | 0 | 4 | |a 629.895 |b ROC |2 21 |
| 100 | 0 | |a Roca Cusidó, Alfred |e author |9 436547 | |
| 245 | 1 | 0 | |a Control de procesos |
| 300 | |a 606 p | ||
| 942 | |c BK | ||
| 945 | |d 19991203 00:00:00 |a rbrito | ||
| 260 | |a Ciudad de México |b Alfaomega |c 1999 | ||
| 500 | |a Incluye diskette | ||
| 650 | 0 | |a Control de procesos |9 259880 | |
| 650 | 7 | |a TRANSFORMADAS DE LAPLACE |2 CL-VaPUC |9 407068 | |
| 650 | 0 | |a Control automático |9 259890 | |
| 583 | |a last modification |c 19991203 00:00:00 |k Rodrigo Vera | ||
| 999 | |c 284459 |d 284457 | ||
| 952 | |0 0 |1 0 |4 0 |6 629_895000000000000_ROC_1999 |7 0 |8 A |9 328517 |a BIBING |b BIBING |d 2019-11-20 |i 358111K |o 629.895 ROC 1999 |p 358111K |r 2025-01-20 |w 2019-11-20 |y BK |k EIE | ||
| 952 | |0 0 |1 0 |4 0 |6 629_895000000000000_ROC_1999 |7 0 |8 A |9 328518 |a BIBING |b BIBING |d 2019-11-20 |i 3581128 |l 2 |o 629.895 ROC 1999 |p 3581128 |r 2025-01-20 |s 2023-05-25 |w 2019-11-20 |y BK |k EIE | ||
| 952 | |0 0 |1 0 |4 0 |6 629_895000000000000_ROC_1999 |7 0 |8 A |9 328519 |a BIBING |b BIBING |d 2019-11-20 |i 3581136 |o 629.895 ROC 1999 |p 3581136 |r 2025-01-20 |w 2019-11-20 |y BK |k EIE | ||
| 952 | |0 0 |1 0 |4 0 |6 629_895000000000000_ROC_1999 |7 0 |8 A |9 328520 |a BIBMEC |b BIBMEC |d 2019-11-20 |i 371246K |o 629.895 ROC 1999 |p 371246K |r 2024-01-19 |w 2019-11-20 |y BK |k MEC | ||
| 952 | |0 0 |1 0 |4 0 |6 629_895000000000000_ROC_1999 |7 0 |8 A |9 328521 |a BIBING |b BIBING |d 2019-11-20 |i 433129K |o 629.895 ROC 1999 |p 433129K |r 2025-01-20 |w 2019-11-20 |y BK |k EIE | ||